书目信息 |
| 题名: |
政治经济学
|
|
| 作者: | 北方十三所高等院校编写组编 | |
| 分册: | ||
| 出版信息: | 西安 陕西人民出版社 1980.12 |
|
| 页数: | 372页 | |
| 开本: | 21cm | |
| 丛书名: | ||
| 单 册: | ||
| 中图分类: | F04 | |
| 科图分类: | ||
| 主题词: | 政治经济学 , 社会主义政治经济学 , 社会主义社会--生产方式 | |
| 电子资源: | ||
| ISBN: | ||
| 000 | 00642nam0 2200241 45 | |
| 001 | 0179009169 | |
| 005 | 20040424173833.8 | |
| 010 | @dCNY0.89 | |
| 091 | @a4094.76 | |
| 100 | @a19950915d1980 em y0chiy0121 ea | |
| 101 | 0 | @achi |
| 102 | @aCN@b610000 | |
| 105 | @ay z 000yy | |
| 106 | @ar | |
| 200 | 10 | @a政治经济学@Azheng zhi jing ji xue@e社会主义部分@f北方十三所高等院校编写组编 |
| 210 | @a西安@c陕西人民出版社@d1980.12 | |
| 215 | @a372页@d21cm | |
| 606 | @a政治经济学 | |
| 606 | @a社会主义政治经济学 | |
| 606 | 0 | @a社会主义社会@x生产方式 |
| 690 | @aF04@v3 | |
| 801 | 0 | @aCN@bNLC@c20040421 |
| 905 | @dF04@e12@f1@b39792@b39790@f1 | |
| 政治经济学:社会主义部分/北方十三所高等院校编写组编.-西安:陕西人民出版社,1980.12 |
| 372页;21cm |
| ISBN :CNY0.89 |
| ● |
| 相关链接 |
|
|
|
|
正题名:政治经济学
索取号:F04/12
 
预约/预借
| 序号 | 登录号 | 条形码 | 馆藏地/架位号 | 状态 | 备注 |
| 1 | 0039790 | 001270010 | 密集书库/ [索取号:F04/12] | 在馆 | |
| 2 | 0039791 | 001271091 | 第一借阅区/ [索取号:F04/12] | 在馆 | |
| 3 | 0039792 | 001270029 | 密集书库/ [索取号:F04/12] | 在馆 | |
| 4 | 0039793 | 001271055 | 第一样本阅览室/ [索取号:F04/12] | 在馆 | |
| 5 | 0039794 | 001812890 | 密集书库/ [索取号:F04/12] | 在馆 |